El Movimiento huelguístico de Costa Rica: 1950-1960

Uloženo v:
Podrobná bibliografie
Hlavní autor: Abarca Vázquez, Carlos Alberto
Médium: Text
Vydáno: San José :
Tagy: Přidat tag
Žádné tagy, Buďte první, kdo vytvoří štítek k tomuto záznamu!

MARC

LEADER 00000 a a2200000 04500
001 15743
003
040
090 |a 014100  
100 |a Abarca Vázquez, Carlos Alberto  
245 |a El Movimiento huelguístico de Costa Rica: 1950-1960  
260 |a San José :  
300 |a 23 p.  
999 |c 13724  |d 13724